000 00547nam a2200193Ii 4500
001 3081
003 CO-ViMGA
008 241108s9999||||xx |||||||||||||| ||und||
040 _aCO-ViMGA
_bspa
_erda
_cCO-ViMGA
041 0 _aunk
082 0 4 _aR 597.092 P323
245 1 0 _aLos peces
264 1 _a[Lugar de publicación no identificado] : Seix Barral, 1961
300 _avolumen
336 _atext
_btxt
_2rdacontent
337 _aunmediated
_bn
_2rdamedia
338 _avolume
_bnc
_2rdacarrier
940 _aidficha_siabuc: 3010. -- ficha_no_siabuc:3081
999 _c55968
_d55968